000 00947cad a22002055a 4500
001 L147223
008 090417s2009 xxka g s 000 0 eng d
035 _a(Sirsi) u147223
041 0 _aeng
110 2 _aCouncil of Mortgage Lenders
_95903
245 0 0 _aHomeowner housing equity through the downturn
_btechnical note
_h[electronic resource]
260 _c2009
490 0 _aHousing Finance
_v(1) 2009
520 _aDescribes the methodology the Council of Mortgage Lenders used to estimate the numbers of mortgaged homeowners in negative equity in the UK used in the analysis presented in "Homeowner Housing Equity Through the Downturn" (see L147222).
590 _aKA NTK
651 4 _aUnited Kingdom
_y
690 _aPROPERTY-RESIDENTIAL PROPERTY-RESIDENTIAL PROPERTY MARKET
856 4 0 _uhttps://www.cml.org.uk/cml/filegrab/01a2009Housingequity-technicalnote.pdf?ref=6361
_zView the document free of charge at www.cml.org.uk
942 _n0
999 _c81439
_d81439